000 00324nam a2200145Ia 4500
003 OSt
008 191201s1982 xx 000 0 und d
082 _a621.3
_bVAL
100 _aVAN VALKENBURG, M.E
245 0 _aLinear Circuits
260 _aNew Delhi
_bPHI
_c1982
300 _a427
650 _aB.Tech(ECE)
942 _2ddc
_cBK
999 _c428
_d428